000 01163nam a22002417a 4500
003 URS
005 20250717135034.0
008 250717b |||||||| |||| 00| 0 eng d
050 0 0 _aLG 221.R59
_b.B792 2015
100 1 _aBroqueza, Jessanel M.
_eResearcher
245 1 0 _aEffects of Social Media on the Study Habits of Grade 7 Students
_b: A case study
_cBroqueza, Jessanel M. Cherie Mae S. Damalerio, Klaire Alma Z. Martinez
260 1 _c2015
300 _axii, 77 leaves;
_billustrations
_c28 cm.
336 _2rdacontent
_atext
337 _2rdamedia
_aunmediated
338 _2rdacarrier
_avolume
502 _aUndergraduate Study Thesis
_bBachelor Of Secondary Education Major in Biological Science
_cUniversity of Rizal System, Rodriguez, Rizal
_d2015
520 _aThis study aimed to know the effects of social media on the study habits of Grade 7 students in San jose National High School. Fifteen(15) Students from one section were Purposely Selected.
650 _2Consumer behavior--Effect of social media on.
700 _aDamalerio, Cherie Mae S. [and] Martinez, Klaire Alma Z.
_eResearcher
700 _aCortez, May A.
_eAdviser
942 _2lcc
_cT
999 _c83668
_d83667